书目信息 |
| 题名: |
猫知道
|
|
| 作者: | 仁木悦子 著 ;金冈 译 | |
| 分册: | ||
| 出版信息: | 北京 群众出版社 1980 |
|
| 页数: | 201页 | |
| 开本: | 19cm | |
| 丛书名: | ||
| 单 册: | ||
| 中图分类: | I313.45 , I313.4 | |
| 科图分类: | ||
| 主题词: | 小说--日本--现代 , 文学 | |
| 电子资源: | ||
| ISBN: | ||
| 000 | 00718nam0 2200277 45 | |
| 001 | 0183009884 | |
| 005 | 20040412105011.6 | |
| 010 | @dCNY0.48 | |
| 091 | @a10067.293 | |
| 100 | @a19950605f19831986em y0chiy0121 ea | |
| 101 | 1 | @achi@cjpn |
| 102 | @aCN@b110000 | |
| 105 | @ay z 000ay | |
| 106 | @ar | |
| 200 | 10 | @a猫知道@Amao zhi dao@f(日)仁木悦子著@g金冈译 |
| 210 | @a北京@c群众出版社@d1980 | |
| 215 | @a201页@d19cm | |
| 606 | @a小说@y日本@z现代 | |
| 606 | 0 | @a文学 |
| 690 | @aI313.45@v3 | |
| 690 | @aI313.4 | |
| 701 | 0 | @a仁木悦子@Aren mu yue zi@4著 |
| 702 | 0 | @a金冈@Ajin gang@4译 |
| 801 | 0 | @aCN@b上海图书馆@c20040412 |
| 801 | 2 | @aCN@bNLC@c20040412 |
| 905 | @f1@b35472@dI313.4@e100@b35469-470@f2 | |
| 猫知道/(日)仁木悦子著/金冈译.-北京:群众出版社,1980 |
| 201页;19cm |
| ISBN :CNY0.48 |
| ● |
| 相关链接 |
|
|
|
|
正题名:猫知道
索取号:I313.4/100
 
预约/预借
| 序号 | 登录号 | 条形码 | 馆藏地/架位号 | 状态 | 备注 |
| 1 | 0035469 | 001595517 | 密集书库/ [索取号:I313.4/100] | 在馆 | |
| 2 | 0035470 | 000738483 | 第一样本阅览室/ [索取号:I313.4/100] | 在馆 | |
| 3 | 0035472 | 001595483 | 第二借阅区/ [索取号:I313.4/100] | 在馆 |